000 01172nam a22001817a 4500
008 150706b xxu||||| |||| 00| 0 eng d
020 _a0421542209
050 _aKD2617.D62
100 _aDOBBS,Linda.P
245 _aRoad traffic law and practice./
250 _a3rd.
260 _aLondon.
_bSweet and maxwell.
_c1995
300 _aLix,870p.
_bincludes ill and diagams.
_c24cm.
500 _aIncludes index.
505 _aContents:Chapter 1 Procedures -- Chapter 2 Definitions -- Chapter 3 Preliminary breath tests and roadside procedure -- Chapter 4 Driving or in charge whilst unfit -- Chapter 5 Driving or in charge above the prescribed limit -- Chapter 6 Excess alcohol:Evidence and penalties -- Chapter 7 Excess Alcohol: Defences -- Chapter 8 Failure to provide a specimen -- Chapter 9 Dangerous and reckless driving -- Chapter 10 Driving without due care and attention -- Chapter 11 General driving Offences -- Chapter 13 Fixed penalties -- Chapter 14 Disqualification,Endorsement and Penalty points -- Chapter 15 Special reasons -- Chapter 16 Mitigating circumstances -- Chapter 17 Other penalties and mitigation.
700 _aLinda P.Dobbs.
942 _2lcc
_cBK
999 _c5619
_d13119